| 000 | 00509nam a22001817a 4500 | ||
|---|---|---|---|
| 008 | 211104b |||||||| |||| 00| 0 eng d | ||
| 020 | _a0323549431 | ||
| 050 | _aQR181 .A23 2020 C.1 | ||
| 100 | _aAbbas, Abul K. | ||
| 245 |
_aBasic immunology _bFunctions and disorders of the immune system _cAbul K. Abbas |
||
| 250 | _a6th ed. | ||
| 260 |
_aPhiladelphia _bElsevier _c2020 |
||
| 300 | _avii, 319p. | ||
| 650 | _aImmunology | ||
| 700 | _aLichtman, Andrew H. | ||
| 700 | _aPillai, Shiv | ||
| 942 |
_2lcc _cBK |
||
| 999 |
_c19093 _d19092 |
||